Fatawa-I Benazir : / فتاوای بی نظير (Record no. 27177)

MARC details
000 -LEADER
fixed length control field 00488nam a22001697a 4500
003 - CONTROL NUMBER IDENTIFIER
control field BDDh-ASL
005 - DATE AND TIME OF LATEST TRANSACTION
control field 20231015030732.0
008 - FIXED-LENGTH DATA ELEMENTS--GENERAL INFORMATION
fixed length control field 211026s1868 xx ||||| |||| 00| 0 u d
040 ## - CATALOGING SOURCE
Original cataloging agency BDDh-ASL
Transcribing agency BDDh-ASL
082 ## - DEWEY DECIMAL CLASSIFICATION NUMBER
Classification number 297.63
Item number ASF
100 1# - MAIN ENTRY--PERSONAL NAME
9 (RLIN) 5440
Personal name Asadullah
245 10 - TITLE STATEMENT
Title Fatawa-I Benazir : / فتاوای بی نظير
260 ## - PUBLICATION, DISTRIBUTION, ETC.
Name of publisher, distributor, etc. Asadi Press ,
Date of publication, distribution, etc. 1290 H. / 1868.
300 ## - PHYSICAL DESCRIPTION
Extent 104 p. :
Dimensions 22 cm.
650 #0 - SUBJECT ADDED ENTRY--TOPICAL TERM
9 (RLIN) 2239
Topical term or geographic name entry element Prophet
Form subdivision Muhammad (SM.)
General subdivision Prophetology
942 ## - ADDED ENTRY ELEMENTS (KOHA)
Source of classification or shelving scheme Dewey Decimal Classification
Koha item type Books
Holdings
Withdrawn status Lost status Source of classification or shelving scheme Damaged status Not for loan Collection code Home library Current library Shelving location Date acquired Source of acquisition Serial Enumeration / chronology Total Checkouts Full call number Barcode Date last seen Copy number Price effective from Koha item type
    Dewey Decimal Classification     Non-fiction Asiatic Society Library Asiatic Society Library General Stacks 10/26/2021 ASB Library Collection U-0603   297.63 ASF 113263 10/26/2021 C-1 10/26/2021 Books

Powered by Koha